[Event "Moscow op-A 16th"]
[Site "Moscow"]
[Date "2020.02.02"]
[Round "9"]
[White "Airapetian, Gor"]
[Black "Triapishko, Alexandr"]
[Result "1-0"]
[WhiteElo "2444"]
[BlackElo "2510"]
[PlyCount "81"]
[EventDate "2020.01.25"]
[EventType "swiss"]
[EventRounds "9"]
[EventCountry "RUS"]
[SourceTitle "CBM 194 Extra"]
[Source "ChessBase"]
[SourceDate "2020.03.31"]
[SourceVersion "1"]
[SourceVersionDate "2020.03.31"]
[SourceQuality "1"]

1. d4 d5 2. c4 c6 3. Nf3 Nf6 4. e3 e6 5. Nc3 Nbd7 6. Qc2 Bd6 7. Bd3 dxc4 8. Bxc4 0-0 9. 0-0 b5 10. Be2 Bb7 11. Rd1 Qc7 12. e4 e5 13. Bg5 Rad8 14. Rac1 Qb8 15. dxe5 Nxe5 16. Nd4 Bc8 17. h3 a6 18. Be3 c5 19. Nb3 c4 20. Nd4 Bb7 21. Nf5 Bb4 22. f3 Rfe8 23. b3 g6 24. Bg5 gxf5 25. Bxf6 Rxd1+ 26. Rxd1 Bxe4 27. fxe4 Qb6+ 28. Kh1 Bxc3 29. Bg5 b4 30. exf5 Qf2 31. Qe4 cxb3 32. axb3 Qg3 33. Bh4 Qg7 34. Bxa6 Qf8 35. Bb5 Rb8 36. Bf6 Ng6 37. Bxc3 bxc3 38. fxg6 Rxb5 39. gxf7+ Qxf7 40. Qg4+ Qg6 41. Qc4+ 1-0

[Event "Moscow op-A 16th"]
[Site "Moscow"]
[Date "2020.01.25"]
[Round "1"]
[White "Airapetian, Gor"]
[Black "Shagdurov, Denis"]
[Result "1-0"]
[WhiteElo "2444"]
[BlackElo "2144"]
[PlyCount "60"]
[EventDate "2020.01.25"]
[EventType "swiss"]
[EventRounds "9"]
[EventCountry "RUS"]
[SourceTitle "CBM 194 Extra"]
[Source "ChessBase"]
[SourceDate "2020.03.31"]
[SourceVersion "1"]
[SourceVersionDate "2020.03.31"]
[SourceQuality "1"]

1. d4 Nf6 2. c4 c5 3. d5 b5 4. cxb5 a6 5. bxa6 g6 6. Nc3 Bg7 7. Nf3 0-0 8. e4 Qa5 9. Nd2 Bxa6 10. Bxa6 Qxa6 11. a4 e6 12. dxe6 fxe6 13. Nb5 Qc6 14. Qe2 d5 15. 0-0 Na6 16. exd5 exd5 17. Nb3 Rae8 18. Qc2 Ne4 19. Bd2 Qf6 20. Bc3 d4 21. Ba5 Bh6 22. Bd2 Bg7 23. f3 Nxd2 24. Nxd2 Re3 25. Rfe1 Rfe8 26. Ne4 Qf4 27. Qc4+ Kh8 28. Nbd6 Ra8 29. Nf7+ Kg8 30. Nfg5+ Kf8 1-0

[Event "Lipetsk Winter Cup rapid"]
[Site "Lipetsk"]
[Date "2020.01.18"]
[Round "5"]
[White "Airapetian, Gor"]
[Black "Frolyanov, Dmitry"]
[Result "0-1"]
[WhiteElo "2444"]
[BlackElo "2556"]
[PlyCount "128"]
[EventDate "2020.01.17"]
[EventType "swiss (rapid)"]
[EventRounds "11"]
[EventCountry "RUS"]
[SourceTitle "CBM 194 Extra"]
[Source "ChessBase"]
[SourceDate "2020.03.31"]
[SourceVersion "1"]
[SourceVersionDate "2020.03.31"]
[SourceQuality "1"]

1. d4 d5 2. c4 e6 3. Nc3 c6 4. e3 Nf6 5. Nf3 Nbd7 6. Qc2 Bd6 7. Bd3 0-0 8. 0-0 dxc4 9. Bxc4 a6 10. Rd1 b5 11. Bd3 Qc7 12. Bd2 c5 13. Ne4 c4 14. Nxd6 Qxd6 15. Be2 Bb7 16. b3 Rfc8 17. Qb2 Rab8 18. Rdc1 Bd5 19. Ba5 Ne4 20. Ne1 f5 21. f3 Nef6 22. Qd2 cxb3 23. axb3 Bxb3 24. Bb4 Qb6 25. Nd3 Bc4 26. Nc5 Nxc5 27. Bxc5 Qc6 28. Bxc4 bxc4 29. Rxc4 Nd7 30. Rcc1 Qd5 31. Qa2 Rc6 32. Qxd5 exd5 33. Ba3 Rbc8 34. Rxc6 Rxc6 35. Bb4 Kf7 36. Ra2 Rb6 37. Bd2 Nb8 38. Kf2 Nc6 39. Kg3 Ke6 40. Kf4 a5 41. h3 Ra6 42. Ra4 Ra7 43. g4 fxg4 44. hxg4 Rd7 45. Bc3 g6 46. e4 h5 47. gxh5 gxh5 48. Kg5 Rf7 49. exd5+ Kxd5 50. f4 h4 51. f5 h3 52. Kg6 h2 53. Ra1 Re7 54. f6 Re3 55. f7 Rg3+ 56. Kh7 Rg1 57. Rxg1 hxg1Q 58. f8Q Qh2+ 59. Kg8 Qg3+ 60. Qg7 Qxc3 61. Qd7+ Ke4 62. d5 Ne5 63. Qb5 Qc8+ 64. Kg7 Qd7+ 0-1

[Event "Lipetsk Winter Cup rapid"]
[Site "Lipetsk"]
[Date "2020.01.18"]
[Round "8"]
[White "Bukatin, Arseny"]
[Black "Airapetian, Gor"]
[Result "1-0"]
[WhiteElo "2101"]
[BlackElo "2444"]
[PlyCount "81"]
[EventDate "2020.01.17"]
[EventType "swiss (rapid)"]
[EventRounds "11"]
[EventCountry "RUS"]
[SourceTitle "CBM 194 Extra"]
[Source "ChessBase"]
[SourceDate "2020.03.31"]
[SourceVersion "1"]
[SourceVersionDate "2020.03.31"]
[SourceQuality "1"]

1. e4 c6 2. d4 d5 3. e5 Bf5 4. h4 h5 5. c4 e6 6. Nc3 Be7 7. cxd5 cxd5 8. Bd3 Bxd3 9. Qxd3 Nc6 10. Nf3 Nh6 11. Bxh6 Rxh6 12. g3 Qb6 13. 0-0 a6 14. Rfc1 Rh8 15. Na4 Qb5 16. Qd1 g6 17. Nc5 Kf8 18. b4 Kg7 19. Rab1 Qb6 20. Qd2 Rhc8 21. a4 Qa7 22. b5 Nxd4 23. Qxd4 Bxc5 24. Qf4 b6 25. Qf6+ Kg8 26. Ng5 a5 27. g4 Qe7 28. Rxc5 Qxf6 29. Rxc8+ Rxc8 30. exf6 hxg4 31. Kg2 Rc4 32. Ra1 Rf4 33. Rc1 Rxf6 34. Rc8+ Kg7 35. Rc6 e5 36. Kg3 e4 37. Rc7 Kg8 38. Rd7 Rf5 39. Rd8+ Kg7 40. Rd6 Rf6 41. Rxd5 1-0

[Event "Lipetsk Winter Cup rapid"]
[Site "Lipetsk"]
[Date "2020.01.18"]
[Round "6"]
[White "Ibadov, Dashgyn"]
[Black "Airapetian, Gor"]
[Result "0-1"]
[WhiteElo "2297"]
[BlackElo "2444"]
[PlyCount "96"]
[EventDate "2020.01.17"]
[EventType "swiss (rapid)"]
[EventRounds "11"]
[EventCountry "RUS"]
[SourceTitle "CBM 194 Extra"]
[Source "ChessBase"]
[SourceDate "2020.03.31"]
[SourceVersion "1"]
[SourceVersionDate "2020.03.31"]
[SourceQuality "1"]

1. e4 c6 2. d4 d5 3. Nc3 dxe4 4. Nxe4 Bf5 5. Ng3 Bg6 6. Nf3 Nd7 7. h4 h6 8. h5 Bh7 9. Bd3 Bxd3 10. Qxd3 e6 11. Bd2 Ngf6 12. 0-0-0 Be7 13. Ne4 Nxe4 14. Qxe4 Nf6 15. Qe2 Qd5 16. c4 Qe4 17. Qxe4 Nxe4 18. Be3 0-0 19. Ne5 Rac8 20. g4 Rfd8 21. f3 Nd6 22. Kc2 b5 23. b3 Bf6 24. c5 Ne8 25. f4 Nc7 26. g5 Nd5 27. Bd2 hxg5 28. fxg5 Bxe5 29. dxe5 Ne7 30. g6 Rd5 31. Bg5 Nf5 32. Rxd5 exd5 33. Rf1 fxg6 34. hxg6 Rf8 35. Kc3 Ne7 36. Rxf8+ Kxf8 37. Kb4 Nxg6 38. e6 Ke8 39. Ka5 Nf8 40. Ka6 Nxe6 41. Bd2 Nxc5+ 42. Kxa7 Ne4 43. Be1 c5 44. Kb6 c4 45. bxc4 bxc4 46. a4 c3 47. Bf2 c2 48. Be3 d4 0-1

[Event "RUS-ch blitz"]
[Site "Sochi"]
[Date "2019.10.17"]
[Round "3"]
[White "Airapetian, Gor"]
[Black "Dianov, Alexey"]
[Result "1-0"]
[WhiteElo "2447"]
[BlackElo "2158"]
[PlyCount "89"]
[EventDate "2019.10.17"]
[EventType "swiss (blitz)"]
[EventRounds "15"]
[EventCountry "RUS"]
[SourceTitle "CBM 192 Extra"]
[Source "Chessbase"]
[SourceDate "2019.11.06"]
[SourceVersion "1"]
[SourceVersionDate "2019.11.06"]
[SourceQuality "1"]

1. d4 d5 2. c4 e5 3. dxe5 d4 4. Nf3 Nc6 5. g3 Be6 6. Nbd2 Qd7 7. Bg2 Nge7 8. 0-0 Ng6 9. Qa4 0-0-0 10. b4 Kb8 11. a3 Ncxe5 12. Qxd7 Rxd7 13. Bb2 Nxc4 14. Nxc4 Bxc4 15. Nxd4 Be7 16. Rac1 Ba2 17. Nf5 Bf6 18. Bxf6 gxf6 19. Rfd1 Rhd8 20. Rxd7 Rxd7 21. f4 Be6 22. Ne3 Ne7 23. Kf2 c6 24. Be4 h6 25. f5 Bb3 26. Ng4 Rd2 27. Nxh6 Bd5 28. Bd3 Ra2 29. Ng4 Rxa3 30. Nxf6 Rb3 31. h4 a5 32. bxa5 c5 33. h5 c4 34. Bc2 Rb5 35. h6 Be6 36. e4 Bxf5 37. exf5 Nxf5 38. h7 Nd4 39. h8Q+ Ka7 40. Be4 Rb2+ 41. Kf1 Nb3 42. Rd1 Nd2+ 43. Rxd2 Rxd2 44. Nd5 c3 45. Qxc3 1-0

[Event "RUS-ch blitz"]
[Site "Sochi"]
[Date "2019.10.17"]
[Round "8"]
[White "Skvortsov, Andrei"]
[Black "Airapetian, Gor"]
[Result "1-0"]
[WhiteElo "2139"]
[BlackElo "2447"]
[PlyCount "145"]
[EventDate "2019.10.17"]
[EventType "swiss (blitz)"]
[EventRounds "15"]
[EventCountry "RUS"]
[SourceTitle "CBM 192 Extra"]
[Source "Chessbase"]
[SourceDate "2019.11.06"]
[SourceVersion "1"]
[SourceVersionDate "2019.11.06"]
[SourceQuality "1"]

1. e4 c6 2. e5 d5 3. exd6 Qxd6 4. d4 Bf5 5. Nf3 e6 6. Bd3 Bxd3 7. Qxd3 Nf6 8. Nbd2 Be7 9. Nc4 Qd5 10. 0-0 0-0 11. Bf4 Nbd7 12. Ne3 Qe4 13. Qxe4 Nxe4 14. c4 Rfd8 15. Rfd1 g5 16. Bc7 Rdc8 17. Ba5 b6 18. Be1 Bf6 19. Ng4 Bg7 20. h3 b5 21. Rac1 bxc4 22. Rxc4 Nb6 23. Rc2 c5 24. dxc5 Rxc5 25. Rxc5 Nxc5 26. Nxg5 h6 27. b4 Nca4 28. Nf3 Rc8 29. Bd2 h5 30. Ne3 Nb2 31. Rc1 Rd8 32. Rc2 Nd3 33. a3 Na4 34. Rc7 a6 35. Nc4 Nc3 36. Bg5 Rb8 37. Ra7 Rc8 38. Nd6 Rf8 39. Be7 Rb8 40. Rxa6 Nd5 41. Bg5 f6 42. Bd2 e5 43. Nf5 Bf8 44. Ne1 Nb2 45. Nc2 Nc4 46. Be3 Rc8 47. Kf1 Kf7 48. Ke2 Kg6 49. g4 hxg4 50. hxg4 Nb2 51. Ne1 Nc3+ 52. Kf1 Nd5 53. Nh4+ Kf7 54. Ra7+ Kg8 55. Ng6 Nxe3+ 56. fxe3 Nc4 57. Ng2 Rd8 58. Ne7+ Bxe7 59. Rxe7 Rd3 60. Rc7 Nxa3 61. Ke2 Rb3 62. Rb7 Rb2+ 63. Kf3 Nc4 64. Nh4 Nd2+ 65. Ke2 Ne4+ 66. Kd3 Nf2+ 67. Kc4 Nxg4 68. Nf5 Kf8 69. b5 Rf2 70. e4 Rc2+ 71. Kd5 Rd2+ 72. Ke6 Re2 73. Rb8# 1-0

[Event "RUS-ch rapid"]
[Site "Sochi"]
[Date "2019.10.16"]
[Round "11"]
[White "Airapetian, Gor"]
[Black "Gurvich, Vitaly"]
[Result "1/2-1/2"]
[WhiteElo "2436"]
[BlackElo "2278"]
[PlyCount "133"]
[EventDate "2019.10.15"]
[EventType "swiss"]
[EventRounds "11"]
[EventCountry "RUS"]
[SourceTitle "CBM 192 Extra"]
[Source "Chessbase"]
[SourceDate "2019.11.06"]
[SourceVersion "1"]
[SourceVersionDate "2019.11.06"]
[SourceQuality "1"]

1. d4 Nf6 2. c4 g6 3. Nc3 d5 4. cxd5 Nxd5 5. e4 Nxc3 6. bxc3 Bg7 7. Be3 c5 8. Qd2 0-0 9. Rc1 Qa5 10. Nf3 Rd8 11. d5 e6 12. Be2 exd5 13. exd5 Bg4 14. 0-0 Nd7 15. Rfd1 c4 16. Bg5 Re8 17. Bxc4 Rac8 18. Bb3 Bxc3 19. Qf4 Bf5 20. h3 h5 21. Nd4 Bxd4 22. Qxd4 Rxc1 23. Rxc1 Re1+ 24. Kh2 Rxc1 25. Bxc1 Qc5 26. Qf4 Bc2 27. Be3 Qc8 28. Bd4 Bxb3 29. Qh6 Qc7+ 30. g3 Ne5 31. Qf4 Ng4+ 32. hxg4 Qxf4 33. gxf4 Bxd5 34. a3 b6 35. Kg3 hxg4 36. Kxg4 f5+ 37. Kg5 Kf7 38. Be5 Be4 39. Bb8 a6 40. Bc7 b5 41. Ba5 Ke6 42. f3 Bc2 43. Bb4 Kd5 44. Kf6 Kc4 45. Ke5 Kb3 46. Kd4 Ka4 47. Kc3 Bd1 48. Be7 Bxf3 49. Kb2 Be4 50. Kc3 Ka5 51. Bd8+ Ka4 52. Be7 Bd5 53. Kb2 a5 54. Kc3 Be4 55. Kb2 Bd3 56. Kc3 Bb1 57. Kb2 Be4 58. Kc3 g5 59. fxg5 f4 60. Kd2 Kb3 61. Ke2 b4 62. axb4 axb4 63. g6 Kc4 64. g7 Bd5 65. Bxb4 Kxb4 66. g8Q Bxg8 67. Kf3 1/2-1/2

[Event "RUS-ch rapid"]
[Site "Sochi"]
[Date "2019.10.16"]
[Round "10"]
[White "Shkurkin, Andrey"]
[Black "Airapetian, Gor"]
[Result "0-1"]
[WhiteElo "2209"]
[BlackElo "2436"]
[PlyCount "64"]
[EventDate "2019.10.15"]
[EventType "swiss"]
[EventRounds "11"]
[EventCountry "RUS"]
[SourceTitle "CBM 192 Extra"]
[Source "Chessbase"]
[SourceDate "2019.11.06"]
[SourceVersion "1"]
[SourceVersionDate "2019.11.06"]
[SourceQuality "1"]

1. d4 Nf6 2. c4 e6 3. g3 d5 4. Bg2 dxc4 5. Nf3 Bb4+ 6. Bd2 a5 7. 0-0 0-0 8. Qc2 Bxd2 9. Nbxd2 b5 10. a4 c6 11. b3 cxb3 12. Nxb3 b4 13. Ne5 Nd5 14. Nxc6 Nxc6 15. Qxc6 Ra6 16. Qc4 Nc3 17. e3 Ra7 18. Nc5 Qd6 19. Kh1 Ba6 20. Nxa6 Qxa6 21. Qb3 Rc7 22. Rac1 Rfc8 23. Rc2 Qc4 24. Qxc4 Rxc4 25. Ra1 b3 26. Rb2 Rb8 27. Rc1 Nxa4 28. Rxc4 Nxb2 29. Rc7 Nd3 30. Bf1 Nxf2+ 31. Kg2 b2 32. Bd3 Nxd3 0-1

[Event "RUS-ch rapid"]
[Site "Sochi"]
[Date "2019.10.15"]
[Round "4"]
[White "Sakaev, Konstantin"]
[Black "Airapetian, Gor"]
[Result "1-0"]
[WhiteElo "2595"]
[BlackElo "2436"]
[PlyCount "69"]
[EventDate "2019.10.15"]
[EventType "swiss"]
[EventRounds "11"]
[EventCountry "RUS"]
[SourceTitle "CBM 192 Extra"]
[Source "Chessbase"]
[SourceDate "2019.11.06"]
[SourceVersion "1"]
[SourceVersionDate "2019.11.06"]
[SourceQuality "1"]

1. d4 Nf6 2. c4 e6 3. Nf3 d5 4. Nc3 Be7 5. Bf4 0-0 6. e3 Nbd7 7. cxd5 Nxd5 8. Nxd5 exd5 9. Bd3 c6 10. Qc2 Qa5+ 11. Nd2 Nf6 12. 0-0 Qd8 13. h3 h6 14. Nb3 Bd6 15. Bxd6 Qxd6 16. Nc5 Re8 17. Rfc1 b6 18. Nb3 Bd7 19. Nd2 Rac8 20. Qa4 Rc7 21. b4 Ne4 22. Nxe4 dxe4 23. Bf1 Qg6 24. Kh1 Qf6 25. Qc2 Qd6 26. Rab1 f5 27. Rb3 Kh7 28. a3 f4 29. exf4 Qxf4 30. Re3 Kh8 31. Kg1 Bf5 32. d5 c5 33. Bb5 Rf8 34. Bc6 Qd6 35. bxc5 1-0

[Event "RUS-ch Higher League 72nd"]
[Site "Yaroslavl"]
[Date "2019.07.03"]
[Round "6"]
[White "Airapetian, Gor"]
[Black "Sadovsky, Artem"]
[Result "1-0"]
[WhiteElo "2442"]
[BlackElo "2416"]
[PlyCount "146"]
[EventDate "2019.06.27"]
[EventType "swiss"]
[EventRounds "9"]
[EventCountry "RUS"]
[SourceTitle "CBM 191 Extra"]
[Source "ChessBase"]
[SourceDate "2019.09.30"]
[SourceVersion "1"]
[SourceVersionDate "2019.09.30"]
[SourceQuality "1"]

1. d4 Nf6 2. c4 e6 3. Nf3 b6 4. g3 Bb4+ 5. Bd2 Bxd2+ 6. Qxd2 Bb7 7. Bg2 0-0 8. 0-0 d5 9. Rc1 dxc4 10. Rxc4 Nbd7 11. Na3 Bd5 12. Rc2 c5 13. b4 Ne4 14. Qe1 cxd4 15. Nxd4 Qf6 16. Rd1 a5 17. f3 Nd6 18. e4 Bb7 19. Nc6 e5 20. Qd2 Nb5 21. Nxb5 Bxc6 22. Nc7 Rac8 23. b5 Nc5 24. Nd5 Bxd5 25. exd5 Qd6 26. Bh3 f5 27. Qe3 Rce8 28. Rc4 f4 29. Qe1 Kh8 30. Kh1 g5 31. gxf4 gxf4 32. Rc2 Rg8 33. Re2 Rg5 34. Bg4 Reg8 35. h4 Rxg4 36. fxg4 e4 37. Rxe4 Nxe4 38. Qxe4 Rxg4 39. Qd4+ Kg8 40. Rg1 h5 41. Qe4 Kg7 42. Qf5 Rxg1+ 43. Kxg1 Qc5+ 44. Kg2 Qxb5 45. Qe5+ Kf8 46. Qxf4+ Ke7 47. Qe5+ Kd7 48. Qxh5 Qb2+ 49. Kg3 Qxa2 50. Qf7+ Kd6 51. Qe6+ Kc5 52. Qc6+ Kd4 53. d6 Qg8+ 54. Kh2 Qe6 55. Qxb6+ Kd5 56. h5 Qe5+ 57. Kg2 Qg5+ 58. Kf1 Qc1+ 59. Ke2 Qc2+ 60. Kf3 Qf5+ 61. Ke3 Qe4+ 62. Kd2 Qg2+ 63. Kc3 Qf3+ 64. Kb2 Qe2+ 65. Ka3 Ke6 66. h6 a4 67. h7 Qd3+ 68. Kxa4 Qc4+ 69. Ka5 Qa2+ 70. Kb5 Qe2+ 71. Kc6 Qe4+ 72. Kc7 Qc2+ 73. Kb7 Qxh7+ 1-0

[Event "Lipetsk"]
[Site "Lipetsk"]
[Date "2018.08.10"]
[Round "8"]
[White "Airapetian, Gor"]
[Black "Yashmetov, Mikhail"]
[Result "1/2-1/2"]
[WhiteElo "2443"]
[BlackElo "2365"]
[PlyCount "32"]
[EventDate "2018.08.07"]
[EventType "tourn"]
[EventRounds "9"]
[EventCountry "RUS"]
[EventCategory "3"]
[SourceTitle "CBM 186 Extra"]
[Source "ChessBase"]
[SourceDate "2018.08.24"]
[SourceVersion "1"]
[SourceVersionDate "2018.08.24"]
[SourceQuality "1"]

1. d4 Nf6 2. c4 g6 3. Nc3 d5 4. Bg5 Bg7 5. Bxf6 Bxf6 6. cxd5 c5 7. dxc5 Qa5 8. Qd2 Na6 9. e3 Nxc5 10. Rc1 0-0 11. Nf3 Rd8 12. Be2 Bxc3 13. Qxc3 Qxc3+ 14. Rxc3 Rxd5 15. Bc4 Rh5 16. 0-0 Ne4 1/2-1/2

[Event "RUS-ch Higher League 68th"]
[Site "Kaliningrad"]
[Date "2015.06.28"]
[Round "6"]
[White "Airapetian, Gor"]
[Black "Shimanov, Aleksandr"]
[Result "0-1"]
[WhiteElo "2444"]
[BlackElo "2606"]
[PlyCount "131"]
[EventDate "2015.06.22"]
[EventType "swiss"]
[EventRounds "9"]
[EventCountry "RUS"]
[SourceTitle "EXT 2017"]
[Source "ChessBase"]
[SourceDate "2016.10.25"]
[SourceVersion "1"]
[SourceVersionDate "2016.10.25"]
[SourceQuality "1"]

1. d4 Nf6 2. c4 g6 3. Nc3 Bg7 4. e4 d6 5. Nf3 0-0 6. h3 e5 7. d5 Nh5 8. Nh2 a5 9. g3 Na6 10. Be2 Nf6 11. Ng4 Nd7 12. Nh6+ Kh8 13. h4 Ndc5 14. Bg5 f6 15. Bd2 f5 16. h5 f4 17. hxg6 Qf6 18. g4 Bxh6 19. Rxh6 Kg7 20. Rxh7+ Kxg6 21. Rh5 Rh8 22. a3 Bd7 23. b4 axb4 24. axb4 Nxb4 25. Rxa8 Rxa8 26. Kf1 Rh8 27. Rxh8 Qxh8 28. Kg2 Qh4 29. Qh1 Qxh1+ 30. Kxh1 Nb3 31. Nb1 Nd4 32. Bxb4 Nxe2 33. f3 Nd4 34. Nd2 b6 35. Kg2 Nc2 36. Bc3 Ne3+ 37. Kg1 Kf6 38. Ba1 Bc8 39. c5 bxc5 40. Bc3 Bd7 41. Ba5 c6 42. dxc6 Bxc6 43. Kf2 Ke7 44. Bb6 Be8 45. Ke2 Bb5+ 46. Kf2 Kd7 47. Ba5 Kc8 48. Bb6 Be8 49. Ke2 Kd7 50. Kd3 Ke6 51. Ke2 Ke7 52. Ba5 Bg6 53. Bb6 Kd7 54. Ba5 Kc6 55. Bd8 c4 56. Ba5 d5 57. exd5+ Kxd5 58. Bb6 Nc2 59. Ba5 Nd4+ 60. Kf2 Nb5 61. g5 Nd4 62. Bb4 Ne6 63. Be7 Bc2 64. Nf1 c3 65. Nh2 Bf5 66. Ba3 0-1

[Event "RUS-chT2"]
[Site "Sochi"]
[Date "2015.05.02"]
[Round "2.7"]
[White "Airapetian, Gor"]
[Black "Belov, Igor"]
[Result "1-0"]
[WhiteElo "2444"]
[BlackElo "2407"]
[PlyCount "109"]
[EventDate "2015.05.01"]
[EventType "team-swiss"]
[EventRounds "7"]
[EventCountry "RUS"]
[SourceTitle "CBM 166 Extra"]
[Source "ChessBase"]
[SourceDate "2015.06.18"]
[SourceVersion "1"]
[SourceVersionDate "2015.06.18"]
[SourceQuality "1"]
[WhiteTeam "Tula Region Dolphin"]
[BlackTeam "Kstovo Volga"]
[WhiteTeamCountry "RUS"]
[BlackTeamCountry "RUS"]

1. d4 d6 2. e4 Nf6 3. Nc3 e5 4. Nf3 Nbd7 5. Bc4 Be7 6. 0-0 0-0 7. Re1 c6 8. a4 a5 9. Ba2 exd4 10. Nxd4 Nc5 11. Qf3 Qb6 12. Bg5 Bd7 13. Rad1 Rae8 14. h3 Qb4 15. Nb3 Be6 16. Nxc5 Qxc5 17. e5 dxe5 18. Bxf6 Bxf6 19. Ne4 Qe7 20. Bxe6 fxe6 21. Qc3 Rd8 22. Rxd8 Rxd8 23. Qxa5 Rd5 24. Qc3 Qd8 25. Qf3 Rd4 26. b3 Be7 27. Qh5 Bf6 28. Re3 Qe7 29. Qf3 Rd5 30. Rd3 Qd8 31. Qg4 Qe7 32. Qf3 Qd8 33. Nc3 Rd4 34. Rxd4 Qxd4 35. Ne4 Be7 36. Qd3 Qxd3 37. cxd3 h5 38. Kf1 Kf7 39. Ke2 g6 40. Kf3 Bb4 41. g4 hxg4+ 42. Kxg4 Kg7 43. Kf3 Kf7 44. Ng3 Bc5 45. Nf1 Kf6 46. Nh2 e4+ 47. Kxe4 Bb4 48. f4 Bd6 49. Ng4+ Ke7 50. Ne5 Kf6 51. d4 Bb4 52. Nd3 Bd6 53. Nc5 b5 54. a5 Ke7 55. Nd3 1-0

[Event "RUS-chT2"]
[Site "Sochi"]
[Date "2015.05.01"]
[Round "1.7"]
[White "Smirnov, Alexey1111"]
[Black "Airapetian, Gor"]
[Result "1/2-1/2"]
[WhiteElo "2453"]
[BlackElo "2444"]
[PlyCount "90"]
[EventDate "2015.05.01"]
[EventType "team-swiss"]
[EventRounds "7"]
[EventCountry "RUS"]
[SourceTitle "CBM 166 Extra"]
[Source "ChessBase"]
[SourceDate "2015.06.18"]
[SourceVersion "1"]
[SourceVersionDate "2015.06.18"]
[SourceQuality "1"]
[WhiteTeam "Smolensk Region VOS"]
[BlackTeam "Tula Region Dolphin"]
[WhiteTeamCountry "RUS"]
[BlackTeamCountry "RUS"]

1. d4 d5 2. c4 c6 3. Nf3 Nf6 4. Nc3 a6 5. e3 b5 6. b3 Bg4 7. Be2 e6 8. 0-0 Nbd7 9. h3 Bh5 10. Ne5 Bxe2 11. Nxe2 Nxe5 12. dxe5 Nd7 13. cxd5 cxd5 14. Bb2 Bc5 15. Rc1 0-0 16. Qd3 Rc8 17. e4 Nb6 18. Ng3 Qe7 19. exd5 Nxd5 20. Ne4 Ba3 21. Rxc8 Rxc8 22. Bd4 Qc7 23. Ng5 Qc2 24. Qf3 Qg6 25. Ne4 Rc2 26. Ra1 Qf5 27. Qd3 Nb4 28. Qe3 Nd5 29. Qd3 Nb4 30. Qe3 Rc6 31. g4 Qg6 32. Rd1 h5 33. Qf3 Nd5 34. Nc3 hxg4 35. hxg4 Ne7 36. Be3 Rc8 37. Ne4 Nd5 38. Bf4 Rc2 39. Rd2 Rxd2 40. Bxd2 Bb2 41. Bf4 b4 42. Bg3 Bd4 43. Kg2 f5 44. exf6 Bxf6 45. Qe2 Bd4 1/2-1/2

[Event "Moscow op-A"]
[Site "Moscow"]
[Date "2015.02.07"]
[Round "8"]
[White "Airapetian, Gor"]
[Black "Demianjuk, Alexander"]
[Result "1-0"]
[WhiteElo "2470"]
[BlackElo "2327"]
[PlyCount "101"]
[EventDate "2015.01.31"]
[EventType "swiss"]
[EventRounds "9"]
[EventCountry "RUS"]
[SourceTitle "CBM 164 Extra"]
[Source "ChessBase"]
[SourceDate "2015.03.02"]
[SourceVersion "1"]
[SourceVersionDate "2015.03.02"]
[SourceQuality "1"]

1. d4 Nf6 2. c4 e6 3. Nf3 b6 4. g3 Bb4+ 5. Bd2 Be7 6. Nc3 Bb7 7. Bg2 c6 8. 0-0 d5 9. Bf4 dxc4 10. Ne5 Nd5 11. Nxc4 Nxf4 12. gxf4 Nd7 13. Rc1 0-0 14. e3 Rc8 15. Ne4 c5 16. Ncd6 Bxd6 17. Nxd6 Bxg2 18. Kxg2 Rc6 19. Ne4 Nf6 20. Qf3 Nxe4 21. Qxe4 Rc7 22. dxc5 Rxc5 23. Rxc5 bxc5 24. Rc1 Qb6 25. Qe5 Rc8 26. Rc4 a5 27. a3 h6 28. Kg3 Qb5 29. Qc3 a4 30. Qc2 f5 31. h3 Kh7 32. e4 Rb8 33. exf5 Qb3+ 34. Kg4 h5+ 35. Kh4 Qf3 36. fxe6+ Kh6 37. f5 Rb3 38. Qd2+ Kh7 39. Rc3 Qxf5 40. Qc2 Qxc2 41. Rxc2 Kg8 42. Rxc5 Kf8 43. Rc7 Rxb2 44. Rf7+ Ke8 45. f4 Rg2 46. Kxh5 Rg3 47. Kh4 Rxa3 48. Rxg7 Re3 49. f5 Re5 50. Kg5 Ra5 51. Kf6 1-0

[Event "Moscow op-A"]
[Site "Moscow"]
[Date "2015.02.06"]
[Round "7"]
[White "Sargsyan, Shant"]
[Black "Airapetian, Gor"]
[Result "1/2-1/2"]
[WhiteElo "2172"]
[BlackElo "2470"]
[PlyCount "100"]
[EventDate "2015.01.31"]
[EventType "swiss"]
[EventRounds "9"]
[EventCountry "RUS"]
[SourceTitle "CBM 164 Extra"]
[Source "ChessBase"]
[SourceDate "2015.03.02"]
[SourceVersion "1"]
[SourceVersionDate "2015.03.02"]
[SourceQuality "1"]

1. d4 d5 2. c4 c6 3. Nf3 Nf6 4. Nc3 a6 5. c5 Bf5 6. Bf4 Nbd7 7. h3 e6 8. e3 Be7 9. Bd3 Bxd3 10. Qxd3 b6 11. b4 a5 12. b5 Rc8 13. cxb6 Qxb6 14. 0-0 0-0 15. Rab1 cxb5 16. Nxb5 Qa6 17. Nd2 Nb6 18. Rfc1 Rxc1+ 19. Rxc1 Rc8 20. Rxc8+ Qxc8 21. Bc7 Qa6 22. Bxb6 Qxb6 23. a4 Qc6 24. Qc3 Qxc3 25. Nxc3 Bb4 26. Ndb1 Nd7 27. Kf1 Nb6 28. Ke2 f5 29. Kd3 Kf7 30. Kc2 Kf6 31. Kb3 Kg5 32. Nd1 f4 33. exf4+ Kxf4 34. Nbc3 Bxc3 35. Nxc3 e5 36. g3+ Kf5 37. Ne2 exd4 38. Nxd4+ Ke4 39. Nc6 Nc4 40. Kc3 Kf3 41. Kd4 Kxf2 42. g4 Kg3 43. Kxd5 Nb6+ 44. Ke4 Kxh3 45. Kf4 Nxa4 46. Nxa5 Nb6 47. Nc6 Nd5+ 48. Kf3 g5 49. Ne5 Kh4 50. Nd7 Kh3 1/2-1/2

[Event "Moscow op-A"]
[Site "Moscow"]
[Date "2015.02.05"]
[Round "6"]
[White "Airapetian, Gor"]
[Black "Khegay, Dmitriy"]
[Result "0-1"]
[WhiteElo "2470"]
[BlackElo "2370"]
[PlyCount "90"]
[EventDate "2015.01.31"]
[EventType "swiss"]
[EventRounds "9"]
[EventCountry "RUS"]
[SourceTitle "CBM 164 Extra"]
[Source "ChessBase"]
[SourceDate "2015.03.02"]
[SourceVersion "1"]
[SourceVersionDate "2015.03.02"]
[SourceQuality "1"]

1. d4 Nf6 2. c4 e6 3. Nf3 b6 4. g3 Ba6 5. b3 Bb4+ 6. Bd2 Be7 7. Nc3 0-0 8. Rc1 c6 9. e4 d5 10. e5 Ne4 11. Bd3 Nxc3 12. Rxc3 c5 13. dxc5 bxc5 14. h4 g6 15. 0-0 d4 16. Rc1 Bb7 17. Ng5 Nd7 18. Re1 Qc7 19. Qe2 a5 20. Rb1 Rfb8 21. Be4 Bxg5 22. Bxg5 Qxe5 23. Qd3 Bxe4 24. Rxe4 Qd6 25. h5 e5 26. hxg6 Qxg6 27. Qf3 h5 28. Bd2 Nf6 29. Ree1 e4 30. Qh1 Re8 31. Bf4 Ra6 32. Qh4 Rae6 33. Kg2 Kg7 34. a3 Ng4 35. b4 e3 36. fxe3 axb4 37. axb4 Nxe3+ 38. Bxe3 Rxe3 39. Rxe3 Rxe3 40. Rf1 Re2+ 41. Rf2 Qc6+ 42. Kf1 Rxf2+ 43. Kxf2 cxb4 44. Qxh5 b3 45. Qe2 Qe6 0-1

[Event "Dvorkovich Memorial op"]
[Site "Taganrog"]
[Date "2015.01.20"]
[Round "3"]
[White "Airapetian, Gor"]
[Black "Shomoev, Anton"]
[Result "0-1"]
[WhiteElo "2470"]
[BlackElo "2576"]
[PlyCount "88"]
[EventDate "2015.01.18"]
[EventType "swiss"]
[EventRounds "9"]
[EventCountry "RUS"]
[SourceTitle "CBM 164 Extra"]
[Source "ChessBase"]
[SourceDate "2015.03.02"]
[SourceVersion "1"]
[SourceVersionDate "2015.03.02"]
[SourceQuality "1"]

1. d4 g6 2. c4 Bg7 3. e4 c5 4. d5 d6 5. Nf3 e6 6. Nc3 Ne7 7. h3 0-0 8. Bd3 h6 9. 0-0 Nd7 10. Be3 g5 11. dxe6 fxe6 12. Be2 Ne5 13. Nxe5 Bxe5 14. Bh5 Nc6 15. Qd2 Bf4 16. Nb5 a6 17. Bxf4 gxf4 18. Nxd6 Nd4 19. e5 Qg5 20. Bg4 h5 21. Bd1 Qxe5 22. Qd3 Kg7 23. Ne4 Bd7 24. Bc2 Be8 25. Nd2 Qf5 26. Qxf5 exf5 27. Bd1 Rd8 28. Bf3 Bf7 29. b3 Rd7 30. Rac1 Re8 31. Rfe1 Rxe1+ 32. Rxe1 Kf6 33. h4 b5 34. cxb5 axb5 35. Rc1 c4 36. bxc4 bxc4 37. Bd1 Bd5 38. Kf1 Rc7 39. Bxh5 c3 40. Nb3 Bxb3 41. axb3 Nxb3 42. Rc2 Nd4 43. Rc1 c2 44. Bd1 f3 0-1